[Event "FRA-ch Blitz Online Qual"]
[Site "Europe Echecs INT"]
[Date "2020.05.16"]
[Round "4"]
[White "Dourerassou, Jonathan"]
[Black "Macqueron, Gregory"]
[Result "1-0"]
[WhiteElo "2477"]
[BlackElo "1927"]
[PlyCount "123"]
[EventDate "2020.05.16"]
[EventType "swiss (blitz)"]
[EventRounds "15"]
[EventCountry "FRA"]
[SourceTitle "CBM 196 Extra"]
[Source "ChessBase"]
[SourceDate "2020.07.31"]
[SourceVersion "1"]
[SourceVersionDate "2020.07.31"]
[SourceQuality "1"]

1. e4 d6 2. d4 Nf6 3. Nc3 Nbd7 4. Bc4 e5 5. Nf3 Be7 6. 0-0 h6 7. Re1 c6 8. a4 Qc7 9. h3 g5 10. Nh2 Nf8 11. d5 Ng6 12. Be3 Nf4 13. dxc6 bxc6 14. Ng4 Bxg4 15. hxg4 h5 16. gxh5 N6xh5 17. g3 Qd7 18. Bf1 Nh3+ 19. Bxh3 Qxh3 20. Qf3 Nf4 21. Bxf4 gxf4 22. Qg2 Qh5 23. g4 Qh4 24. Kf1 Rg8 25. f3 Bd8 26. Ke2 Rb8 27. Rh1 Qe7 28. b3 Ba5 29. Na2 d5 30. Rad1 dxe4 31. fxe4 Qa3 32. Nc1 Qb2 33. Kf1 Ke7 34. Nd3 Qc3 35. Rh5 Bc7 36. Qd2 Qd4 37. Nxe5 Qxd2 38. Nxc6+ Kf8 39. Rxd2 Re8 40. e5 Rxg4 41. Rd7 Bb6 42. Rh8+ Kg7 43. Rxe8 f3 44. Nd4 Bxd4 45. Rxd4 Rxd4 46. Kf2 Rd2+ 47. Kxf3 Rxc2 48. Rb8 Rc3+ 49. Ke4 a5 50. Rb5 Kg6 51. Rb6+ Kg7 52. Rb7 Kg6 53. Kd4 Rg3 54. Rb6+ Kf5 55. Rf6+ Kg5 56. Rxf7 Rxb3 57. Kd5 Rb4 58. e6 Rxa4 59. e7 Ra1 60. e8Q Rd1+ 61. Kc5 Re1 62. Qg8+ 1-0

[Event "FRA-ch Blitz Online Qual"]
[Site "Europe Echecs INT"]
[Date "2020.05.16"]
[Round "11"]
[White "Macqueron, Gregory"]
[Black "Alloui Cros, Baptiste"]
[Result "1-0"]
[WhiteElo "1927"]
[BlackElo "2139"]
[PlyCount "51"]
[EventDate "2020.05.16"]
[EventType "swiss (blitz)"]
[EventRounds "15"]
[EventCountry "FRA"]
[SourceTitle "CBM 196 Extra"]
[Source "ChessBase"]
[SourceDate "2020.07.31"]
[SourceVersion "1"]
[SourceVersionDate "2020.07.31"]
[SourceQuality "1"]

1. e4 Nf6 2. e5 Nd5 3. c4 Nb6 4. d4 d6 5. exd6 cxd6 6. Nc3 g6 7. Be3 Bg7 8. Rc1 0-0 9. b3 Bf5 10. Nge2 e5 11. d5 Na6 12. Ng3 Bd7 13. Bd3 f5 14. f4 exf4 15. Bxf4 Re8+ 16. Nce2 Qh4 17. 0-0 Be5 18. Qd2 Nc5 19. Bg5 Bd4+ 20. Kh1 Qg4 21. h3 Rxe2 22. Nxe2 Qh5 23. Nxd4 f4 24. Qxf4 Bxh3 25. Qf7+ Kh8 26. Bf6# 1-0